Vplyv daní z príjmu na rozhodovanie o kapitálovej štruktúre a projektoch rozvoja podniku

Uložené v:
Podrobná bibliografia
Hlavný autor: Kráľovič, Jozef
Médium: Kapitola
Jazyk:Slovak
Tagy: Pridať tag
Žiadne tagy, Buďte prvý, kto otaguje tento záznam!

MARC

LEADER 00000nla$a2200000$$$4500
001 0060541
005 20240502083144.0
041 0 |a slo 
044 |a CZ 
245 1 0 |a Vplyv daní z príjmu na rozhodovanie o kapitálovej štruktúre a projektoch rozvoja podniku  |c Jozef Kráľovič 
100 1 |a Kráľovič, Jozef